| 000 | 00477nam a2200181Ia 4500 | ||
|---|---|---|---|
| 005 | 20250326123944.0 | ||
| 008 | 250326s9999 xx 000 0 und d | ||
| 037 | _aTextbook | ||
| 040 |
_aFMSL _beng _cFMSL |
||
| 041 |
_aeng _2eng |
||
| 084 |
_aU8 L5 _qFMSL |
||
| 100 |
_aNCAER _9264047 |
||
| 245 | 0 |
_aCost-benefit study of tourism _cNCAER |
|
| 260 |
_aNew Delhi _bNew Delhi, N C A E R _c1975 |
||
| 300 | _a91p | ||
| 942 |
_cTB _hU8 L5 |
||
| 999 |
_c1271641 _d1271641 |
||